Sanat - "Pohjois-Karjala" - Leevi and the Leavings - Statistics

Yleistilastot
  • Tätä visaa on pelattu 915 kertaa
  • Keskiarvotulos 86 / 139
Vastaustilastot
Sanat % Oikein
Minä
98%
Pohjois-Karjalaan
97%
lähden
95%
farkut
93%
vaihdan
93%
verkkarihousuun
93%
kotiseudulle
89%
auringon
85%
juon
85%
kaljaa
85%
nousuun
85%
Annelin
73%
tavata
73%
halusin
72%
sen
72%
vielä
70%
minua
68%
etsivän
67%
nakkikioskille
67%
tiesin
66%
Dam-
65%
dam
65%
naurettiin
65%
oksentaville
64%
päättyi
64%
sateenkaari
62%
sillä
62%
elämä
61%
dididam-
60%
Dididam-
60%
paljoa
60%
antanut
58%
eihän
56%
ravintolapöytään
55%
lottokupongilla
43%
elatusmaksut
42%
kuittaisin
42%
jos
40%
dididamdamdamdam-
39%
elämän
34%
jolla
34%
illan
33%
jotakin
33%
liikoja
32%
tarjoaisin
32%
vaatisi
32%
onneni
31%
Tyttöni
31%
enhän
30%
minäkään
30%
aina
28%
kuitenkin
28%
olla
27%
silti
27%
sovinnolla
27%
jostain
26%
löytyvän
26%
yritin
26%
sinua
25%
olisin
24%
Pohjois-Karjalan
24%
säilytän
24%
sirpaleita
24%
toivon
24%
kulkien
23%
vaikeampi
23%
Vaikka
23%
voinut
23%
hukkasin
21%
kaltoin
21%
kohtelin
21%
oman
21%
sävelen
20%
Sivukujilla
20%
Ehtoja vastaavia visoja ei löytynyt
Tulosjakauma
Jokaisen tuloksen saaneiden osuus
Persentiili vastausten määrän mukaan
Tuloshistoriasi
Et ole pelannut tätä visaa